Retail Advertising and Sales Promotion
Gespeichert in:
| 1. Verfasser: | |
|---|---|
| Weitere Verfasser: | |
| Format: | Buch |
| Sprache: | Englisch |
| Veröffentlicht: |
Englewood Cliffs
Prentice Hall
1981
|
| Ausgabe: | 4. ed. |
| Schlagworte: | |
| Tags: |
Keine Tags, Fügen Sie das erste Tag hinzu!
|
MARC
| LEADER | 00000nam a2200000 4500 | ||
|---|---|---|---|
| 001 | c021311 | ||
| 005 | 20221207075011.9 | ||
| 020 | |a 0-13-775098-6 | ||
| 041 | 0 | |a eng | |
| 044 | |a US | ||
| 245 | 1 | 0 | |a Retail Advertising and Sales Promotion |c Charles M. Edwards, Carl F. Lebowitz |
| 250 | |a 4. ed. | ||
| 264 | 1 | |a Englewood Cliffs |b Prentice Hall |c 1981 | |
| 300 | |a 531 s. | ||
| 610 | 2 | 0 | |a reklama |
| 610 | 2 | 0 | |a podpora predaja |
| 610 | 2 | 0 | |a propagácia |
| 610 | 2 | 0 | |a maloobchod |
| 610 | 2 | 0 | |a prostriedky masovokomunikačné |
| 610 | 2 | 0 | |a prostriedky reklamné |
| 610 | 2 | 0 | |a prieskum trhu |
| 100 | 1 | |a Edwards, Charles M. | |
| 700 | 1 | |a Lebowitz, Carl F. | |